| 000 | 00943cam a22002895a 4500 | ||
|---|---|---|---|
| 001 | 18617168 | ||
| 005 | 20161206135024.0 | ||
| 008 | 150514t2016 nyua frb 001 0 eng d | ||
| 020 | _a9789401771870 | ||
| 040 |
_aDLC _beng _cDLC _dDLC _dEG-ScBUE |
||
| 082 | 0 | 4 |
_222 _a004.35 _bGAL |
| 100 | 1 | _aGallopoulos, Efstratios. | |
| 245 | 1 | 0 |
_aParallelism in matrix computations / _cEfstratios Gallopoulos, Bernard Philippe, Ahmed H. Sameh. |
| 260 |
_aDordrecht : _bSpringer, _cc.2016. |
||
| 300 |
_axxx, 473 p. : _bill. ; _c24 cm. |
||
| 490 | 0 | _aScientific computation. | |
| 500 | _aIndex : p. 467-473. | ||
| 504 | _aIncludes bibliographical references. | ||
| 650 | 7 |
_2BUEsh _911339 _aparallel processing (Electronic computers) |
|
| 650 | 7 |
_2BUEsh _97107 _aMatrices. |
|
| 650 | 7 |
_2BUEsh _910553 _aComputer algorithms. |
|
| 651 | _2BUEsh | ||
| 653 |
_bCOMSCI _cDecember2016 |
||
| 700 | 1 | _aPhilippe, B. | |
| 700 | 1 | _a Sameh, Ahmed. | |
| 942 | _2ddc | ||
| 999 |
_c23472 _d23444 |
||